God Only Knows - Lyrics - Statistics

General Stats
  • This quiz has been taken 56 times
  • The average score is 59 of 71
Answer Stats
? Lyrics % Correct
1 be
98%
2 be
98%
2 go
98%
1 I
98%
2 on
98%
1 you
98%
1 you
98%
1 You
98%
1 you
98%
1 you
98%
2 you
98%
2 you
98%
1 knows
96%
2 knows
96%
1 only
96%
2 only
96%
1 God
94%
2 God
94%
2 me
94%
2 me
94%
2 me
94%
2 me
94%
1 what
92%
2 what
92%
2 what
92%
1 without
92%
2 without
92%
1 I'd
90%
2 I'd
90%
2 The
88%
2 do
86%
1 not
86%
1 to
84%
2 to
84%
2 would
84%
2 would
84%
1 always
80%
1 it
80%
1 it
80%
1 love
80%
2 believe
78%
1 But
78%
2 ever
78%
2 should
78%
2 If
76%
2 leave
76%
2 life
76%
1 may
76%
1 as
75%
1 need
75%
1 so
75%
2 So
75%
2 still
75%
1 about
73%
1 are
73%
2 living
73%
1 long
73%
1 never
73%
1 above
71%
1 stars
71%
1 sure
71%
1 there
71%
2 good
69%
1 I'll
69%
1 make
69%
2 could
67%
1 doubt
67%
2 world
67%
2 nothing
63%
2 show
53%
2 Well
31%
No matching quizzes found
Score Distribution
Percent of People with Each Score
Percentile by Number Answered
Your Score History
You have not taken this quiz